Modern Laboratory Physics (Record no. 7641)

MARC details
000 -LEADER
fixed length control field 00526nam a22001937a 4500
003 - CONTROL NUMBER IDENTIFIER
control field OSt
005 - DATE AND TIME OF LATEST TRANSACTION
control field 20220121111539.0
008 - FIXED-LENGTH DATA ELEMENTS--GENERAL INFORMATION
fixed length control field 220121b ||||| |||| 00| 0 eng d
020 ## - INTERNATIONAL STANDARD BOOK NUMBER
International Standard Book Number 0435680447
040 ## - CATALOGING SOURCE
Transcribing agency DDC
082 ## - DEWEY DECIMAL CLASSIFICATION NUMBER
Classification number 530 AVE 1971
100 ## - MAIN ENTRY--PERSONAL NAME
Personal name Avery.J.H;Ingram .A.W.K;
9 (RLIN) 15627
245 ## - TITLE STATEMENT
Title Modern Laboratory Physics
260 ## - PUBLICATION, DISTRIBUTION, ETC. (IMPRINT)
Place of publication, distribution, etc. London,
Name of publisher, distributor, etc. Heinemann Educational Books,
Date of publication, distribution, etc. 1971.
300 ## - PHYSICAL DESCRIPTION
Extent ix,584p.
Other physical details ill.
Dimensions 24cm.
504 ## - BIBLIOGRAPHY, ETC. NOTE
Bibliography, etc it includes bibliography and index
650 ## - SUBJECT ADDED ENTRY--TOPICAL TERM
Topical term or geographic name as entry element Physics
9 (RLIN) 809
942 ## - ADDED ENTRY ELEMENTS (KOHA)
Source of classification or shelving scheme Dewey Decimal Classification
Koha item type Open Shelf
Holdings
Withdrawn status Lost status Source of classification or shelving scheme Damaged status Not for loan Home library Current library Date acquired Source of acquisition Inventory number Total Checkouts Full call number Barcode Date last seen Price effective from Koha item type
    Dewey Decimal Classification     MUST Main Library MUST Main Library 21/01/2022 Purchase 13/36895   530 AVE 1971 2022-0089 21/01/2022 21/01/2022 Open Shelf
    Dewey Decimal Classification     MUST Main Library MUST Main Library 19/06/2024 Purchase 12/36896   530 AVE 1971 2024-20899 19/06/2024 19/06/2024 Open Shelf